| 000 | 00709nam a2200229Ia 4500 | ||
|---|---|---|---|
| 001 | 8532 | ||
| 003 | GE_BSU | ||
| 008 | 181216s||||||||xx |||||||||||||| ||und|| | ||
| 040 | _cGE_BSU | ||
| 080 | _a821.353.1-31 | ||
| 100 | _aვარშანიძე,მამია. | ||
| 245 | _aნატვრა სულისა. | ||
| 245 | _bრომანი | ||
| 245 | _cრედ:ზ.ფირცხალაიშვილი;მხატვ:რ.ლომაძე. | ||
| 260 | _aბათუმი. | ||
| 260 | _bსაბჭ.აჭარა. | ||
| 260 | _c1989. | ||
| 300 | _a243გვ;19სმ. | ||
| 653 | _aნატვრა სულისა. | ||
| 653 | _aრომანი | ||
| 942 | _cBK | ||
| 999 |
_c41849 _d41849 |
||